White highlands no more / (Record no. 12400)

MARC details
000 -LEADER
fixed length control field 00515cam a22001812 4500
001 - CONTROL NUMBER
control field 0000000560
005 - DATE AND TIME OF LATEST TRANSACTION
control field 20151217155804.0
008 - FIXED-LENGTH DATA ELEMENTS--GENERAL INFORMATION
fixed length control field 070209s xx 000 0 eng d
040 ## - CATALOGING SOURCE
Original cataloging agency KABU
Transcribing agency KABU
050 #0 - LIBRARY OF CONGRESS CALL NUMBER
Classification number DT433.575
Item number .A28
100 1# - MAIN ENTRY--PERSONAL NAME
Personal name Abuor, C. Ojwando.
-- 0000148783
245 10 - TITLE STATEMENT
Title White highlands no more /
Statement of responsibility, etc. C. Ojwando Abuor.
260 ## - PUBLICATION, DISTRIBUTION, ETC. (IMPRINT)
Place of publication, distribution, etc. Nairobi :
Name of publisher, distributor, etc. Pan African Researchers,
Date of publication, distribution, etc. 1970.
300 ## - PHYSICAL DESCRIPTION
Extent 440 p.
908 ## - PUT COMMAND PARAMETER (RLIN)
Put command parameter 070209
950 ## - LOCAL HOLDINGS (RLIN)
-- 1
Holdings
Withdrawn status Lost status Source of classification or shelving scheme Not for loan Home library Current library Date acquired Total Checkouts Full call number Barcode Date last seen Date last checked out Price effective from Koha item type
    Library of Congress Classification   Kabarak, Main Campus Kabarak, Main Campus 17/12/2015 1 DT433.575 .A28 006546 17/04/2025 09/04/2025 17/12/2015 Africana Collection
Designed with assistance from East African Informatics Ltd